Statistiken für Ortschaften (Blomberg)

Klicken Sie hier um das Quiz zu spielen!

Allgemein

  • Dieses Quiz wurde 7 mal gespielt
  • Das Durchschnittsergebnis liegt bei 9 aus 19

Antwortstatistiken

InitialOrtEinwohner% Korrekt
BBlomberg7 700
75%
AAltendonop230
50%
BBrüntrup450
50%
CCappel550
50%
DDalborn90
50%
DDonop470
50%
GGroßenmarpe1 200
50%
HHerrentrup470
50%
HHöntrup210
50%
IIstrup1 400
50%
KKleinenmarpe130
50%
MMaspe220
50%
RReelkirchen690
50%
TTintrup320
50%
WWellentrup225
50%
BBorkhausen40
25%
EEschenbruch420
25%
MMossenberg-Wöhren230
25%
SSiebenhöfen60
25%

Verteilung der Resultate

Perzentil nach korrekt beantworteten Fragen

Anzahl Personen mit jedem Resultat

Ihre Resultats-Entwicklung

Sie haben dieses Quiz noch nicht gespielt